Fr. Conceicao Rodrigues College of Engineering

Textbook of fluid mechanics and hydraulic machines (Record no. 21316)

MARC details
000 -LEADER
fixed length control field 00340nam a2200145Ia 4500
082 ## - DEWEY DECIMAL CLASSIFICATION NUMBER
Classification number 532/RAJ
Item number RAJ
100 ## - MAIN ENTRY--PERSONAL NAME
Personal name Rajput/R.K
245 ## - TITLE STATEMENT
Title Textbook of fluid mechanics and hydraulic machines
260 ## - PUBLICATION, DISTRIBUTION, ETC.
Name of publisher, distributor, etc. S.Chand and Co.
Place of publication, distribution, etc. Mumbai
Date of publication, distribution, etc. 1998
366 ## - TRADE AVAILABILITY INFORMATION
Publishers's discount category 15
300 ## - PHYSICAL DESCRIPTION
Extent 1361
546 ## - LANGUAGE NOTE
Language note ENGLISH
654 ## - SUBJECT ADDED ENTRY--FACETED TOPICAL TERMS
Focus term fluid mechanics
942 ## - ADDED ENTRY ELEMENTS (KOHA)
Koha item type BOOK
Holdings
Withdrawn status Lost status Damaged status Not for loan Collection Home library Current library Date acquired Source of acquisition Cost, normal purchase price Inventory number Total Checkouts Total Renewals Full call number Barcode Date last seen Date last checked out Cost, replacement price Price effective from Koha item type
        CRC Fr. Agnel's C.Rodrigues College of Engineering Fr. Agnel's C.Rodrigues College of Engineering 17/03/2023 Educational books and periodicals 425.00 111dt08/12/2008 3 1 532/RAJ RAJ 19141 05/01/2026 15/12/2025 500.00   BOOK
        CRC Fr. Agnel's C.Rodrigues College of Engineering Fr. Agnel's C.Rodrigues College of Engineering 17/03/2023 Educational books and periodicals 425.00 111dt08/12/2008 1   532/RAJ RAJ 19142 28/10/2024 15/10/2024 500.00   BOOK
        CRC Fr. Agnel's C.Rodrigues College of Engineering Fr. Agnel's C.Rodrigues College of Engineering 17/03/2023 Educational books and periodicals 425.00 111dt08/12/2008 2 1 532/RAJ RAJ 19143 16/05/2024 06/05/2024 500.00   BOOK